000 00433nam a2200169Ia 4500
003 GCL
008 140319s9999 xx 000 0 ara d
040 _aGCL /
_cGCL
082 0 4 _aق
_b962.1
_bم دـ
100 1 _aمجلس مدينة دسوق
245 1 0 _aدسوق : دين ودنيا /
_cمجلس مدينة دسوق
490 _a
650 0 4 _aمصر
650 0 4 _aكفر الشيخ
650 0 4 _aدسوق
942 _2ddc
_cBK
999 _c42611
_d42611